National commission on labour : analysis of replies to commission's questionnaire (Record no. 496023)

000 -LEADER
fixed length control field 00422cam a22001097a 4500
008 - FIXED-LENGTH DATA ELEMENTS--GENERAL INFORMATION
fixed length control field 180718b1969 xxu||||| |||| 00| 0 eng d
082 ## - DEWEY DECIMAL CLASSIFICATION NUMBER
Classification number R06x54 In2ag 2
245 ## - TITLE STATEMENT
Title National commission on labour : analysis of replies to commission's questionnaire
Statement of responsibility, etc. by National Commission On Labour
260 ## - PUBLICATION, DISTRIBUTION, ETC.
Place of publication, distribution, etc. New Delhi
Name of publisher, distributor, etc. Trade Unions and Employer's Organisations
Date of publication, distribution, etc. 1969
300 ## - PHYSICAL DESCRIPTION
Extent 388p.
700 ## - ADDED ENTRY--PERSONAL NAME
Personal name India. National Commission On Labour
Holdings
Withdrawn status Lost status Damaged status Not for loan Permanent Location Current Location Date acquired Full call number Barcode Date last seen Price effective from Koha item type
        Indian Institute of Public Administration Indian Institute of Public Administration 2018-08-04 R06x54 In2ag 2 G10323 2018-08-04 2018-08-04 G

Powered by Koha